Countries Closest to Jamaica - distance order - Statistics

General Stats
  • This quiz has been taken 469 times
  • The average score is 8 of 20
Answer Stats
km country miles % Correct
146 Cuba 91
99%
188 Haiti 117
91%
416 Bahamas 258
67%
448 Dominican Republic 279
63%
755 United States 469
47%
624 Honduras 388
44%
624 Nicaragua 388
40%
916 Mexico 569
37%
999 Belize 621
32%
1087 Guatemala 676
27%
927 Panama 576
27%
995 Costa Rica 618
26%
832 Venezuela 517
26%
766 Colombia 476
25%
1414 St Kitts and Nevis 879
24%
1515 Antigua and Barbuda 941
23%
883 Aruba 548
23%
1115 El Salvador 693
23%
973 Curaçao 605
21%
1381 Sint Maarten 858
13%
No matching quizzes found
Score Distribution
Percent of People with Each Score
Percentile by Number Answered
Your Score History
You have not taken this quiz